Congo (Registro nro. 299317)

Detalles MARC
000 -ENCABEZADO
Número de control [NR] 01179cam a2200301Ia 4500
005 - FECHA Y HORA DE LA ÚLTIMA TRANSACCIÓN
control field 20150605092245.0
008 - DE LONGITUD FIJA DE DATOS DE ELEMENTOS - INFORMACIÓN GENERAL
Elementos de longitud fija [NR] 150605s2012 fr b frb 001 0 fre d
020 ## - NUMERO INTERNACIONAL NORMALIZADO PARA LIBROS [R]
Número Internacional Normalizado del libro [NR] 9782330009304
020 ## - NUMERO INTERNACIONAL NORMALIZADO PARA LIBROS [R]
Número Internacional Normalizado del libro [NR] 2330009305
035 ## - NUMERO DE CONTROL DEL SISTEMA [R]
Número de control del sistema [NR] (OCoLC)816490065
040 ## - FUENTE DE CATALOGACION [NR]
Agencia de catalogación original [NR] CO-BoUCM
Idioma de catalogación [NR] spa
Quien Cataloga Jose A. Gerena
Quien Clasifica Jose A. Gerena
041 1# - CODIGO DE IDIOMA [R]
Código de idioma para texto/pista de sonido o título separado [R] Francés
100 1# - ASIENTO PRINCIPAL--NOMBRE PERSONAL [NR]
Nombre personal [NR] Reybrouck, David van
ID Autoridad 69429
245 10 - MENCION DE TITULO [NR]
Título [NR] Congo
Parte restante del título [NR] une histoire
Mención de responsabilidad, etc. [NR] David Van Reybrouck
260 ## - PUBLICACION, DISTRIBUCION, ETC. (PIE DE IMPRENTA) [R]
Lugar de publicación, distribución, etc. [R] Arlés (Bocas del Ródano, Francia)
Nombre del editor, distribuidor, etc. [R] Actes sud
Fecha de publicación, distribución, etc. [R] 2012
300 ## - DESCRIPCION FISICA [R]
Extensión [R] 711 páginas
Otros detalles físicos [NR] mapas
490 1# - MENCION DE SERIE [R]
Mención de serie [R] Lettres néerlandaises
504 ## - NOTA DE BIBLIOGRAFIA, ETC. [R]
Nota de bibliografía, etc. [NR] Incluye referencias bibliográficas e índices
650 #7 - ASIENTO SECUNDARIO DE MATERIA - TERMINO TEMATICO [R]
Término temático o nombre geográfico como elemento de entrada [NR] Historia
9 (RLIN) 7695
Subdivisión geográfica [R] República del Congo (África)
650 #7 - ASIENTO SECUNDARIO DE MATERIA - TERMINO TEMATICO [R]
Término temático o nombre geográfico como elemento de entrada [NR] Colonialismo
9 (RLIN) 11141
Subdivisión geográfica [R] República del Congo (África)
650 #7 - ASIENTO SECUNDARIO DE MATERIA - TERMINO TEMATICO [R]
Término temático o nombre geográfico como elemento de entrada [NR] Democracia
9 (RLIN) 12617
Subdivisión geográfica [R] República del Congo (África)
650 #7 - ASIENTO SECUNDARIO DE MATERIA - TERMINO TEMATICO [R]
Término temático o nombre geográfico como elemento de entrada [NR] Desarrollo político
9 (RLIN) 12983
Subdivisión geográfica [R] República del Congo (África)
651 #4 - ASIENTO SECUNDARIO DE MATERIA - NOMBRE GEOGRAFICO [R]
Nombre geográfico [NR] República del Congo (África)
Subdivisión general [R] Historia
9 (RLIN) 69430
651 #4 - ASIENTO SECUNDARIO DE MATERIA - NOMBRE GEOGRAFICO [R]
Nombre geográfico [NR] República del Congo (África)
Subdivisión general [R] Política y gobierno
9 (RLIN) 69431
690 ## - ASUNTO AGREGADO LOCAL DE ENTRADA - TÉRMINO TEMÁTICO (OCLC, RLIN)
9 (RLIN) 42841
Acceso temático local Historia de África
942 ## - ELEMENTOS DE ENTRADA AGREGADOS (KOHA)
Sistema de clasificación DEWEY
Tema principal Historia
Tipo de ítem principal el descrito en 300a Libro
Edición 1
Clasificación 967.24
Parte restante de la signatura top. R457
Existencias
Total préstamos Signatura topográfica Código de barras Última vez visto Ejemplar Costo de reposición Price effective from Tipo de ítem Perdido Sistema de clasificación Dañado No prestable Tipo de ítem específico Suprimido Ubicación habitual Ubicación actual Localización Fecha de creación Proveedor Forma de adquisición Costo
  967.24 R457 100146333 10/12/2025 Ej.1 130467.00 13/05/2015 Libro   DEWEY     Libro   Claustro Claustro 2do piso 13/05/2015 37 Compra 130467.00